Izquierda y buen capitalismo: un aporte crítico desde América Latina /
En este artículo se profundiza en la reflexión sobre la iniciativa Yasuní-ITT impulsada en Ecuador y la cual representa un ejemplo de cómo conjugar propuestas concretas innovadoras (transición) y utopías superadoras del desarrollo capitalista (transformación). Parte de una ubicación contextual de la...
محفوظ في:
| المؤلف الرئيسي: | |
|---|---|
| التنسيق: | نص |
| الموضوعات: | |
| الوسوم: |
إضافة وسم
لا توجد وسوم, كن أول من يضع وسما على هذه التسجيلة!
|
MARC
| LEADER | 00000 a a2200000 04500 | ||
|---|---|---|---|
| 001 | 44126 | ||
| 003 | |||
| 040 | |||
| 100 | |a Ramírez Gallegos, René | ||
| 245 | |a Izquierda y buen capitalismo: |b un aporte crítico desde América Latina / |c René Ramírez Gallegos | ||
| 520 | |a En este artículo se profundiza en la reflexión sobre la iniciativa Yasuní-ITT impulsada en Ecuador y la cual representa un ejemplo de cómo conjugar propuestas concretas innovadoras (transición) y utopías superadoras del desarrollo capitalista (transformación). Parte de una ubicación contextual de la propuesta de mantener el petróleo bajo tierra y el análisis sobre el mercado, el capitalismo y otras formas de economía. Además se presentan 11 tesis que explican por qué esta iniciativa es un buen ejemplo de una potencial transformación radical, y se plantea una vía concreta adicional para financiar la iniciativa y disputar el sentido del capitalismo. | ||
| 590 | |a SJB/NOVIEMBRE2012 | ||
| 650 | |a IZQUIERDA | ||
| 650 | |a TRABAJO | ||
| 650 | |a MERCADOS | ||
| 650 | |a CONDICIONES DE VIDA | ||
| 650 | |a SOCIALISMO | ||
| 650 | |a CAPITALISMO | ||
| 650 | |a ECUADOR | ||
| 650 | |a AMERCIA LATINA | ||
| 773 | |g número237 (2012), páginas 32-48 : tablas, gráficos | ||
| 999 | |c 23004 |d 23004 | ||
